000 00484nam a2200181Ia 4500
001 20792
005 20260306172831.0
008 260306t2012||||xx |||||||||||||| ||spa||
041 _aESP
082 _a343.8
_bB74
100 _aBorrero Moro, Cristóbal J.
_eAUT
245 0 _aLos derechos fundamentales de los contribuyentes en la fiscalización tributaria
260 _c2012
300 _a95 páginas :
_c24 cm.
650 _aGEN
654 _aCDE
942 _cLIB
_dJUS
_fJUS
_2ddc
_n
999 _c20792
_d20792